[Event "FRA-ch Juniors op"]
[Site "Aix les Bains"]
[Date "2009.04.23"]
[Round "6"]
[White "Heudre, Clement"]
[Black "Demeure, Florian"]
[Result "0-1"]
[WhiteElo "1470"]
[BlackElo "1696"]
[PlyCount "52"]
[EventDate "2009.04.19"]
[EventType "swiss"]
[EventRounds "9"]
[EventCountry "FRA"]
[SourceTitle "CBM 130 Extra"]
[Source "ChessBase"]
[SourceDate "2009.07.02"]
[SourceVersion "2"]
[SourceVersionDate "2009.07.15"]
[SourceQuality "1"]

1. e4 c5 2. Nc3 Nc6 3. Nf3 d6 4. h3 g6 5. Bb5 Bd7 6. d4 cxd4 7. Nxd4 Bg7 8. Be3 a6 9. Ba4 Nf6 10. Qd2 b5 11. Bb3 b4 12. Nd5 Nxe4 13. Qd3 Nc5 14. Qd2 0-0 15. Nxc6 Bxc6 16. Qxb4 Nxb3 17. Qxb3 Qa5+ 18. Nb4 Bxg2 19. Rh2 Bd5 20. c4 Be6 21. Bd2 Qe5+ 22. Qe3 Qxh2 23. 0-0-0 Qe5 24. Qxe5 Bxe5 25. b3 Bxh3 26. Nc6 Bf6 0-1